Alle Millionenstädte in Ozeanien - Statistiken

Allgemein
  • Dieses Quiz wurde 113 mal gespielt
  • Das Durchschnittsergebnis liegt bei 5 aus 6
Antwortstatistiken
Land Stadt % Korrekt
Australien Sydney
99%
Australien Melbourne
90%
Australien Perth
83%
Neuseeland Auckland
79%
Australien Brisbane
71%
Australien Adelaide
62%
Keine übereinstimmenden Quizze gefunden
Verteilung der Resultate
Anzahl Personen mit jedem Resultat
Perzentil nach korrekt beantworteten Fragen
Ihre Resultats-Entwicklung
Sie haben dieses Quiz noch nicht gespielt